|
|
|
|
| LEADER |
00852nam a22002297a 4500 |
| 001 |
AAL7305 |
| 003 |
BD-DhAAL |
| 005 |
20160524104037.0 |
| 008 |
160524s 2005bg ||||| |||| 00| 0 ben d |
| 020 |
|
|
|a 9844654033
|
| 040 |
|
|
|a BD-DhAAL
|c BD-DhAAL
|
| 082 |
|
|
|a 920
|
| 100 |
|
|
|a মজুমদার, ইলা
|9 19579
|
| 245 |
|
|
|a দিনগুলি মোর /
|c ইলা মজুমদার
|
| 260 |
|
|
|a ঢাকা :
|b সাহিত্য প্রকাশ,
|c ২০০৫
|
| 300 |
|
|
|a ৯৫ পৃ. ;
|c ২২ সে.মি.
|
| 541 |
|
|
|e 7305
|
| 650 |
|
|
|a আত্ম চরিত্র
|9 19580
|
| 852 |
|
|
|a Savar Campus Library
|c General Shelf
|
| 942 |
|
|
|2 ddc
|c BK
|
| 999 |
|
|
|c 37566
|d 37566
|
| 952 |
|
|
|0 0
|1 0
|2 ddc
|4 0
|6 920_000000000000000_MAJ
|7 0
|9 59038
|a SCL
|b SCL
|c GEN
|d 2016-05-24
|g 80.00
|l 0
|o 920 MAJ
|p 3020007305
|r 2016-05-24
|t 1
|w 2016-05-24
|y BK
|